Medzi slovenskými remeselníkmi, ktorí v 19. storočí precestovali ...

Podrobná bibliografia
Médium: Článok
Jazyk:slovenčina
PhysicalDescription:Kresba
ISSN:1336-4316
Predmet:

MARC

LEADER 00000nab a2200000 a 4500
001 vtls008955034
003 SK-MaSNL
005 20260303070335.0
008 140403c2006 xo r|p|||||||000 b|slo
015 |a SNBRB2007/03  |2 snkbucl 
038 |a SNKBUCL 
040 |a SNKBUCL  |b slo  |c SNKBUCL  |e AACR2 
041 0 |a slo 
044 |a xo  |c SK 
080 |a 91-051  |2 2001 
080 |a 070-051  |2 2001 
080 |a 929 Šustek, Daniel  |2 2001 
245 0 0 |a Medzi slovenskými remeselníkmi, ktorí v 19. storočí precestovali ... 
300 |b Kresba 
600 1 7 |a Šustek, Daniel,  |d 1846-1927  |2 snkbucl  |9 109894 
773 0 |t Fragment  |g Roč. XX, č. 5-6 (2006), s. 34  |x 1336-4316 
852 |a SNK  |b KIS3GCP 
958 |a SK 
958 |a BX 
999 |c 1754947  |d 1756877